00573nam a2200193 a 45000010005000000030005000050050017000100080041000270400020000681000027000882450040001152600050001553000011002054900023002166500019002399420013002589990015002719520093002862396CDMR20131018164301.0130130s1964||||||||||||||||||||||||||||d aCDMRbcatcCDMR1 aLetouzey, Victor9179013aLa typographiecpar Victor Letouzey aParisc1964bPresses Universitaires de France a126 p.0 aQue sais-je?v11010492796aImpremta cMON2udc c2396d2396 00104070aCDMRbCDMRd2013-01-16l0oDs /11pCDMR13108588r2013-01-16w2013-01-16yMON